Spotifyn kaikkien aikojen kymmenen kuunnelluinta biisiä. - Statistics

Yleistilastot
  • Tätä visaa on pelattu 49 kertaa
  • Keskiarvotulos 4 / 10
Vastaustilastot
artisti / kuuntelukerrat kappale % Oikein
Ed Sheeran (4,38 mrd) Shape of You
96%
The Weeknd (4,86 mrd) Blinding Lights
80%
Harry Styles (3,89 mrd) As It Was
51%
Ed Sheeran (3,45 mrd) Perfect
44%
Lewis Capaldi (3,91 mrd) Someone You Loved
42%
The Kid Laroi & Justin Bieber (3,56 mrd) Stay
36%
Post Malone & Swae Lee (3,83 mrd) Sunflower
27%
The Weeknd & Daft Punk (3,91 mrd) Starboy
20%
The Neighbourhood (3,80 mrd) Sweater Weather
16%
Drake & Wizkid & Kyla (3,64 mrd) One Dance
11%
Ehtoja vastaavia visoja ei löytynyt
Tulosjakauma
Jokaisen tuloksen saaneiden osuus
Persentiili vastausten määrän mukaan
Tuloshistoriasi
Et ole pelannut tätä visaa